000 00650cam a22002413a 4500
001 1394
003 PGUSA
005 20140828083000.0
008 980701s1998||||xxu|||||s|||||000 1 eng d
040 _aPGUSA
_beng
042 _adc
050 4 _aPR
100 1 _aDickens, Charles,
_d1812-1870
245 1 4 _aThe Holly-Tree
_h[electronic resource] /
_cCharles Dickens
260 _bProject Gutenberg,
_c1998
506 _aPublic domain in the USA.
516 _aElectronic text
653 _aChristmas stories
653 _aEnglish fiction
830 0 _aProject Gutenberg
_v1394
856 4 0 _uhttp://www.gutenberg.org/ebooks/1394
942 _cEB
999 _c230742
_d230742